Deepak Muthyala

Texas A&M A


Categories

Science - Biology0710653487.8645
History - European History0502503991.6004
History - World History0510452354.2035
Literature - American Literature05104577106.8012
Religion0520402158.4034
Science - Chemistry04014085107.0014
Literature - World Literature04103598119.0012
Social Science03003087103.6702
History - Other History0421306288.0003
Mythology0300308698.6712
Science - Other Science03102586103.0002
Literature - British Literature03102593110.3301
Literature - European Literature032020104132.0001
Philosophy0200205393.5012
History - American History0210158594.0002
Fine Arts - Painting & Sculpture021015115122.5001
Fine Arts - Other Fine Arts02101599105.0002
Other021015104123.5000
Science - Physics000000.0000
Fine Arts - Classical Music0010-50.0000

Buzzes

Religiontruth-518
ReligionRāma1021
History - World HistoryDelhi Sultanate1023
Science - Biologyhypertension1034
History - European Historyhats1039
History - Other HistoryNew Zealand-539
ReligionEthiopian Church1041
History - World HistoryTurkey1043
History - American HistoryMobile, Alabama-545
Literature - World LiteratureSenegal-546